[Event "Southend Easter U1700 rapid op 67th"]
[Site "Southend"]
[Date "2025.04.17"]
[Round "2"]
[White "Wang, Hantin"]
[Black "Tirumala, Nandan"]
[Result "1/2-1/2"]
[WhiteElo "1495"]
[BlackElo "1550"]
[PlyCount "75"]
[EventDate "2025.04.17"]
[EventType "swiss (rapid)"]
[EventRounds "6"]
[EventCountry "ENG"]
[SourceTitle "CB18_2025"]
[SourceDate "2025.04.30"]
[SourceVersion "1"]
[SourceVersionDate "2025.04.30"]
[SourceQuality "1"]

1. c4 Nf6 2. Nc3 g6 3. d4 d6 4. e4 Bg7 5. Be2 0-0 6. Be3 Nbd7 7. g4 e5 8. d5 Nb6 9. g5 Ne8 10. h4 f5 11. gxf6 Qxf6 12. h5 g5 13. Nf3 h6 14. Qd2 Bg4 15. Nh2 Bxe2 16. Qxe2 Rf7 17. 0-0-0 Nd7 18. Qd2 Nb6 19. Rhg1 Nxc4 20. Ng4 Nxd2 21. Nxf6+ Nxf6 22. Rxd2 Nxh5 23. Rdd1 Nf4 24. Bxf4 Rxf4 25. Rdf1 a6 26. f3 Raf8 27. Rg3 R8f7 28. Kd2 b5 29. Ke3 g4 30. Ne2 Rxf3+ 31. Rgxf3 Rxf3+ 32. Rxf3 gxf3 33. Kxf3 Kf7 34. Kg4 Kg6 35. Ng3 Bf8 36. Nh5 Kf7 37. Kf5 Be7 38. Kg4 1/2-1/2